| 000 | 00409nam a22001217a 4500 | ||
|---|---|---|---|
| 082 | _a220 PRO | ||
| 100 |
_aIBTISAM TARIQ MAHAM EHSAN MUGHAL _971433 |
||
| 245 | _aPR-SOF-1767-MODELING AND CONTROL OF HELICOPTER MODEL CE-150 | ||
| 260 |
_aISLAMABAD _bNUST COLLEGE OF EME _c2018 |
||
| 650 | _a DE-ELECT-36 DECLASS | ||
| 700 |
_a PROJECT SUPERVISORS DR. FAHAD MUMTAZ DR.MUKHTAR ALI (NESCOM) _971434 |
||
| 942 | _cCR | ||
| 999 |
_c577959 _d577959 |
||